000 00486nam a2200193Ia 4500
005 20250425160842.0
008 250425s9999 xx 000 0 und d
041 _aspa
082 _a550.9866
100 _aS, A A
245 0 _aBOLETIN DE ESTUDIOS GEOLOGICOS
250 _a1A ED.
260 _aEcuador
_bMINISTERIO DE INDUSTRIAS Y COMERCIO
_c1968
260 _aQUITO
300 _a50
710 _aECUADOR. MINISTERIO DE INDUSTRIAS Y COMERCIO
942 _c01
010 _a6833
999 _c197494
_d197494